| 000 | 00891nam a22002657a 4500 | ||
|---|---|---|---|
| 001 | BR9704516 | ||
| 003 | BR-BrBNA | ||
| 005 | 20230928095732.0 | ||
| 007 | ta | ||
| 008 | 230509b bl.||||| |||| 00| 0 por d | ||
| 040 |
_aBR-BrBNA _bpor _cBiblioteca Nacional de Agricultura |
||
| 041 | _a(Por) | ||
| 072 | _aU40 | ||
| 090 | _ U40 BR9704516 | ||
| 100 | 1 | _aLopes, E.S.S. | |
| 110 | 1 |
_aInstituto Nacional de Pesquisas Espaciais, Sao Jose dos Campos, SP (Brasil) _0Tese (Mestrado em Sensoriamento Remoto) |
|
| 245 | 1 | _aImagens TM-Landsat e geoprocessamento como subsidio a prospeccao aurifera no espinhaco setentrional, M.G. | |
| 260 | 3 |
_aSao Jose dos Campos, SP (Brasil): _c1994. |
|
| 300 | _a107 p. | ||
| 500 | _aSummaries (Eng, Por); 28 illus.; 22 ref. | ||
| 650 | _aSensoriamento Remoto | ||
| 650 | _aAspecto Fisiografico | ||
| 909 |
_a202309 _bLucia _c55 _dLucia Elande |
||
| 942 | _cBK | ||
| 999 |
_c58365 _d58365 |
||